Linear algebra /

"Linear Algebra is intended primarily as an undergraduate textbook but is written in such a way that it can be also a valuable resource for independent learning. The narrative of the book takes a matrix approach: the exposition is intertwined with matrices either as the main subject or as tools...

Full description

Bibliographic Details
Main Author: Oliveira, Lina (Author)
Corporate Author: Taylor & Francis
Format: eBook
Language:English
Published: Boca Raton, FL : CRC Press, 2022.
Edition:First edition.
Subjects:
Online Access:Connect to the full text of this electronic book

MARC

Tag First Indicator Second Indicator Subfields
LEADER 00000cam a2200000 i 4500
001 in00005529068
006 m o d
007 cr cnu---unuuu
008 220112t20222022flua ob 001 0 eng
005 20241111204839.8
010 |a  2021061943 
035 |a (OCoLC)on1311406828 
040 |a DLC  |b eng  |e rda  |e pn  |c DLC  |d OCLCO  |d OCLCF  |d YDX  |d TYFRS  |d YDX  |d UKMGB  |d OCLCQ  |d N$T  |d UKAHL  |d OCLCQ  |d OCLCO  |d OCLCL  |d OCLCQ 
015 |a GBC273807  |2 bnb 
016 7 |a 020566112  |2 Uk 
019 |a 1311412658  |a 1341345222 
020 |a 9781351243452  |q (electronic book) 
020 |a 1351243454  |q (electronic book) 
020 |a 9781351243438  |q (electronic book) 
020 |a 1351243438  |q (electronic book) 
020 |a 9781351243445  |q (electronic book) 
020 |a 1351243446  |q (electronic book) 
020 |a 9781351243421  |q (electronic book) 
020 |a 135124342X  |q (electronic book) 
020 |z 9781032287812  |q (hardcover) 
020 |z 9780815373315  |q (paperback) 
024 7 |a 10.1201/9781351243452  |2 doi 
035 |a (OCoLC)1311406828  |z (OCoLC)1311412658  |z (OCoLC)1341345222 
037 |a 9781351243452  |b Taylor & Francis 
042 |a pcc 
050 0 4 |a QA184.2  |b .O43 2022 
072 7 |a MAT  |x 002000  |2 bisacsh 
072 7 |a MAT  |x 003000  |2 bisacsh 
072 7 |a PBF  |2 bicssc 
082 0 0 |a 512/.5  |2 23/eng20220415 
049 |a TXAM 
100 1 |a Oliveira, Lina,  |e author. 
245 1 0 |a Linear algebra /  |c Lina Oliveira. 
250 |a First edition. 
264 1 |a Boca Raton, FL :  |b CRC Press,  |c 2022. 
264 4 |c ©2022 
300 |a 1 online resource (xv, 312 pages) :  |b illustrations 
336 |a text  |b txt  |2 rdacontent 
337 |a computer  |b c  |2 rdamedia 
338 |a online resource  |b cr  |2 rdacarrier 
504 |a Includes bibliographical references and index. 
520 |a "Linear Algebra is intended primarily as an undergraduate textbook but is written in such a way that it can be also a valuable resource for independent learning. The narrative of the book takes a matrix approach: the exposition is intertwined with matrices either as the main subject or as tools to explore the theory. Each chapter contains a description of its aims, a summary at the end of the chapter, exercises and solutions. The reader is carefully guided through the theory and techniques presented which are outlined throughout in "How to ..." text boxes. Common mistakes and pitfalls are also pointed out as one goes along. Features Written to be self-contained. Ideal as a primary textbook for an undergraduate course in linear algebra. Applications of the general theory which are of interest to disciplines outside of mathematics, such as engineering"--  |c Provided by publisher 
545 0 |a Lina Oliveira earned her DPhil in Mathematics from the University of Oxford, UKand is a faculty member of the Department of Mathematics of Instituto Superior Tecnico, University of Lisbon, Portugal. She has taught several graduate and undergraduate courses at Instituto Superior Tecnico where she regularly teaches Linear Algebra since 2001. Her research interests are in the areas of Functional Analysis, Operator Algebras and Operator Theory. She is currently the head of the Linear Algebra course at the portuguese Air Force Academy. 
588 0 |a Online resource; title from digital title page (viewed on August 17, 2022). 
650 0 |a Algebras, Linear. 
650 6 |a Algèbre linéaire. 
650 7 |a MATHEMATICS  |x Algebra  |x General.  |2 bisacsh 
650 7 |a MATHEMATICS  |x Applied.  |2 bisacsh 
650 7 |a Algebras, Linear  |2 fast 
655 7 |a Electronic books.  |2 local 
710 2 |a Taylor & Francis 
776 0 8 |i Print version:  |a Oliveira, Lina.  |t Linear algebra.  |b First edition.  |d Boca Raton : CRC Press, 2022  |z 9781032287812  |w (DLC) 2021061942 
856 4 0 |u http://proxy.library.tamu.edu/login?url=https://www.taylorfrancis.com/books/9781351243452  |z Connect to the full text of this electronic book  |t 0 
955 |a Taylor and Francis MATHnetBASE 
994 |a 92  |b TXA 
999 f f |s 2331c676-6bb8-4ab8-8cad-dfbdeb3206de  |i a00ebf38-a5f2-4524-a13a-b2a1a4919475  |t 0 
952 f f |a Texas A&M University  |b College Station  |c Electronic Resources  |d Available Online  |t 0  |e QA184.2 .O43 2022  |h Library of Congress classification 
998 f f |a QA184.2 .O43 2022  |t 0  |l Available Online